000 00576nam a2200205Ia 4500
001 15097
003 GE_BSU
008 181216s||||||||xx |||||||||||||| ||und||
040 _cGE_BSU
080 _a517.5(075.8)
100 _aВулих, Б.З;
245 _aКраткий курс теории функции вещественной переменной
245 _cРед.А.П.Баева
260 _aМосква
260 _bНаука.
260 _c1965
300 _a301стр.20см.
653 _aМатематический анализ.
942 _cBK
999 _c48215
_d48215